L' impero di Babilonia e di Ninive dalle origini fino alla conquista di Ciro descritto secondo i monumenti cuneiformi comparati colla Bibbia / (Record no. 36918)

MARC details
000 -LEADER
campo de control de longitud fija 00602nam a2200169 i 4500
001 - NÚMERO DE CONTROL
campo de control 36918
003 - IDENTIFICADOR DE NÚMERO DE CONTROL
campo de control ES-MaACL
005 - FECHA Y HORA DE LA ÚLTIMA TRANSACCIÓN
campo de control 20230906155452.0
007 - CAMPO FIJO DE DESCRIPCIÓN FÍSICA--INFORMACIÓN GENERAL
campo de control de longitud fija t|
008 - DATOS DE LONGITUD FIJA--INFORMACIÓN GENERAL
campo de control de longitud fija 030219s1885 it ||||1| ita d
100 1# - ENTRADA PRINCIPAL--NOMBRE DE PERSONA
Nombre de persona Brunengo, Giuseppe.
9 (RLIN) 126202
245 12 - MENCIÓN DEL TÍTULO
Título L' impero di Babilonia e di Ninive dalle origini fino alla conquista di Ciro descritto secondo i monumenti cuneiformi comparati colla Bibbia /
Mención de responsabilidad, etc. dal p. Giuseppe Brunengo.
260 ## - PUBLICACIÓN, DISTRIBUCIÓN, ETC.
Lugar de publicación, distribución, etc. Prato :
Nombre del editor, distribuidor, etc. [s.n.],
Fecha de publicación, distribución, etc. 1885 (
Fabricante Tip. Grachetti Figlio)
300 ## - DESCRIPCIÓN FÍSICA
Extensión 2 v. ;
Dimensiones 22 cm.
651 #4 - PUNTO DE ACCESO ADICIONAL DE MATERIA--NOMBRE GEOGRÁFICO
Nombre geográfico Mesopotamia-
Subdivisión general Historia.
9 (RLIN) 9056
852 ## - LOCALIZACIÓN
Ubicación ES-MaACL
Número de control de estantería G-14403-4
Holdings
Estatus retirado Estado de pérdida Estado de daño No para préstamo Colección Biblioteca de origen Biblioteca actual Ubicación en estantería Fecha de adquisición Fuente de adquisición Total de préstamos Signatura topográfica completa Código de barras Visto por última vez Precio de reemplazo Tipo de ítem Koha
        Libros del s. XIX Biblioteca del Ateneo de Madrid Biblioteca del Ateneo de Madrid Sala Pecera Planta 3 17/01/2008     G-14403-4 1038824 23/02/2023 23/02/2023 Libro impreso antiguo